Plants that belong to cactus family (Cactaceae) - sudden death - Statistics

General Stats
  • This quiz has been taken 51 times
  • The average score is 5 of 14
Answers on the Grid
Answers color-coded by a green-red scale on the quiz's grid according to % correct below.
Pancake prickly pear
Papaya
Saguaro
Cotyledon
Century plant (Agave)
Sebucan (Leptocereus)
Stonecrop (Sedum)
Coastal prickly pear
Thelocactus
Poinsettia
Peyote
Tufted airplant (Guzmania)
Ladyfinger cactus (Mammillaria)
Money plant (Crassula)
Leaf cactus (Pereskia)
Kalanchoe
Fig opuntia
Coconut
Echeveria
Pitaya/dragonfruit
Living stone (Lithops)
Petrosedum
Stenocactus
Golden barrel cactus (Echinocactus)
Houseleek
Candelabra cactus (Jasminocereus)
Maihuén
Bromelia
 
Answer Stats
Answer % Correct
Pancake prickly pear
79%
Saguaro
59%
Coastal prickly pear
52%
Golden barrel cactus (Echinocactus)
48%
Candelabra cactus (Jasminocereus)
45%
Ladyfinger cactus (Mammillaria)
38%
Stenocactus
34%
Leaf cactus (Pereskia)
34%
Pitaya/dragonfruit
34%
Thelocactus
28%
Peyote
28%
Fig opuntia
24%
Sebucan (Leptocereus)
21%
Maihuén
17%
No matching quizzes found
Score Distribution
Percent of People with Each Score
Percentile by Number Answered
Your Score History
You have not taken this quiz